|
|
|
|
| LEADER |
01483nam a2200397 a 4500 |
| 001 |
EBC1120828 |
| 003 |
MiAaPQ |
| 005 |
20200520144314.0 |
| 006 |
m o d | |
| 007 |
cr cn||||||||| |
| 008 |
120619s2013 enka sb 001 0 eng d |
| 010 |
|
|
|z 2012024778
|
| 020 |
|
|
|z 9780470670668 (hardback : alk. paper)
|
| 020 |
|
|
|a 9781118470916 (electronic bk.)
|
| 035 |
|
|
|a (MiAaPQ)EBC1120828
|
| 035 |
|
|
|a (Au-PeEL)EBL1120828
|
| 035 |
|
|
|a (CaPaEBR)ebr10657893
|
| 035 |
|
|
|a (CaONFJC)MIL447090
|
| 035 |
|
|
|a (OCoLC)827207527
|
| 040 |
|
|
|a MiAaPQ
|c MiAaPQ
|d MiAaPQ
|
| 050 |
|
4 |
|a TS198.3.P3
|b P37 2013
|
| 082 |
0 |
4 |
|a 658.7/85
|2 23
|
| 245 |
0 |
0 |
|a Handbook of paper and paperboard packaging technology
|h [electronic resource] /
|c edited by Mark J. Kirwan.
|
| 250 |
|
|
|a 2nd ed.
|
| 260 |
|
|
|a Chichester, West Sussex ;
|a Ames, Iowa :
|b Wiley-Blackwell,
|c 2013.
|
| 300 |
|
|
|a xx, 407 p. :
|b ill.
|
| 500 |
|
|
|a Earlier edition has title: Paper and paperboard packaging technology.
|
| 504 |
|
|
|a Includes bibliographical references and index.
|
| 533 |
|
|
|a Electronic reproduction. Ann Arbor, MI : ProQuest, 2016. Available via World Wide Web. Access may be limited to ProQuest affiliated libraries.
|
| 650 |
|
0 |
|a Paper containers.
|
| 650 |
|
0 |
|a Paperboard.
|
| 650 |
|
0 |
|a Packaging.
|
| 655 |
|
4 |
|a Electronic books.
|
| 700 |
1 |
|
|a Kirwan, Mark J.
|
| 710 |
2 |
|
|a ProQuest (Firm)
|
| 856 |
4 |
0 |
|u https://ebookcentral.proquest.com/lib/matrademy/detail.action?docID=1120828
|z Click to View
|